| 000 | 00579nam a22001697a 4500 | ||
|---|---|---|---|
| 003 | MACL | ||
| 005 | 20160721122511.0 | ||
| 008 | 160721b xxu||||| |||| 00| 0 eng d | ||
| 040 | _cMACL | ||
| 041 | _aHindi | ||
| 082 | _a800 PAN | ||
| 100 |
_aपाण्डेय, लक्ष्मी _963797 |
||
| 245 |
_aरस विमर्श _cलक्ष्मी पाण्डेय |
||
| 260 |
_aगाजियाबाद _bउर्मिला प्रकाशन _c2016 |
||
| 650 |
_aकाव्य समीक्षा _948818 |
||
| 942 |
_2ddc _cHIN |
||
| 999 |
_c54537 _d54537 |
||